000 00260nam a2200109Ia 4500
008 200302s9999 xx 000 0 und d
100 _aFrances Treanor
245 _aVibrant Flower Painting
260 _bDavid & Charles Book
260 _c1995
300 _a128 P.,
999 _c1280
_d1280